000 00710nam a2200169Ia 4500
003 OSt
005 20250714151401.0
008 240429s9999||||xx |||||||||||||| ||und||
041 _aeng
082 _aRW/CGL/20
110 _aMinistry Of Finance
245 0 _aParliamentary Memorandum By The Minister For Finance On The Request For Approval For Waiver Of Import of Duties , Import Vat, Getfund Levy, Import Nhil, And Exim Levy On Plant, Machinery And Equipment Or Parts , Amounting To US$347,174.45 In Favour Of Camelot Ghana Limited Under The One District one Factory ( 1D1F) Programme
300 _a5p:tabs
653 _aOne District one Factory ( 1D1F) Programme
942 _cMOU
_2ddc
_n0
999 _c2752
_d2752